• 首页
  • 本馆介绍
  • 公告通知
  • 最新文献
  • 馆藏检索
  • 电子资源
  • 读者导购
  • 参考咨询
  • 我的图书馆
  • 登录
  • 详细信息显示
  • 放入我的书架
  • 预约/预借图书
  • 作者相关作品
  • 分类相关作品
  • 丛书相关作品
  • 出版社相关作品

书目信息

  • 表格格式
  • 工作单格式
  • 卡片格式
题名:
六十年散文选介
    
 
作者: 祁连休 , 傅信 选编
分册:  
出版信息: 北京   中国少年儿童出版社  1981
页数: 334页
开本: 19cm
丛书名: 少年百科丛书
单 册:
中图分类: I287.6 , I26
科图分类:
主题词: 散文-儿童文学--中国--1919~1979--选集 , 儿童文学-散文--中国--1919~1979--选集 , 散文--中国 , 散文--作品综合集--中国
电子资源:
ISBN:
000 00857oam2 2200301 450
001 1555260401
005 20150120170912.00
010    @dCNY0.69
091    @aR10056.474
100    @a19950509d1981 cemy0chiy0110 ea
101 0  @achi
102    @aCN@b110000
105    @ay f 000cd
200 1  @a六十年散文选介@9liu shi nian san wen xuan jie@e1919-1979@f祁连休,傅信选编
210    @a北京@c中国少年儿童出版社@d1981
215    @a334页@d19cm
225 2  @a少年百科丛书
461  0 @12001 @a少年百科丛书
606 0  @a散文-儿童文学@y中国@z1919~1979@x选集
606 0  @a儿童文学-散文@y中国@z1919~1979@x选集
606 0  @a散文@x中国
606 0  @a散文@x作品综合集@x中国
690    @aI287.6@v5
690    @aI26@v4
701  0 @a祁连休@9qi lian xiu@4选编
701  0 @a傅信@9fu xin@4选编
801  0 @aCN@bTSSF@c20150120
905    @aZUCC@dI26@eJY12
    
    六十年散文选介:1919-1979/祁连休,傅信选编.-北京:中国少年儿童出版社,1981
    334页;19cm.-(少年百科丛书)
    
    
    ISBN :CNY0.69
    
●
相关链接 在E读中查询图书 在五车中查询图书 在当当中查询图书 在豆瓣中查询图书


正题名:六十年散文选介     索取号:I26/JY12         预约/预借

序号 登录号 条形码 馆藏地/架位号 状态 备注
1 7849427   278494274   学院路分馆/ [索取号:I26/JY12] 在馆    
2 7849428   278494283   学院路分馆/ [索取号:I26/JY12] 在馆    
3 7849429   278494292   学院路分馆/ [索取号:I26/JY12] 在馆    
4 7849430   278494309   学院路分馆/ [索取号:I26/JY12] 在馆    
5 7849431   278494318   学院路分馆/ [索取号:I26/JY12] 在馆    
6 7850664   278506644   学院路分馆/ [索取号:I26/JY12] 在馆    
7 7850665   278506653   学院路分馆/ [索取号:I26/JY12] 在馆    
8 7850666   278506662   学院路分馆/ [索取号:I26/JY12] 在馆    
9 7850667   278506671   学院路分馆/ [索取号:I26/JY12] 在馆    
唐山师范学院图书馆 欢迎您!
大连网信软件有限公司© 版权所有